000 00446nam a22001457a 4500
008 131220b xxu||||| |||| 00| 0 eng d
020 _a9780232527858
050 _aBV4241.H368
100 _aHauerwas, Stanley
_96275
245 _aA cross shattered church
_breclaiming the theological heart of preaching
260 _aLondon
_bDarton, Longman and Todd Ltd.
_c2009
300 _a160p.
_c22cm.
650 _aSermons
_96276
942 _2lcc
_cMONOGRAPH
999 _c119440
_d119440